Veď je im tak fakt lepšie? Segregácia rómskych detí v predškolskom vzdelávaní a implikácie pre inkluzívne vzdelávanie
Segregačné tendencie a ich kontext. Charakteristika osídlení a situácia v predškolských zariadeniach. Rodičia a kontext segregácie .
Saved in:
| Main Author: | |
|---|---|
| Other Authors: | |
| Format: | Book Chapter |
| Language: | Slovak |
| Subjects: | |
| Tags: |
No Tags, Be the first to tag this record!
|
MARC
| LEADER | 00000nla a2200000 4500 | ||
|---|---|---|---|
| 001 | 0241153 | ||
| 005 | 20240417075133.4 | ||
| 041 | 0 | |a slo | |
| 044 | |a SK | ||
| 245 | 1 | 0 | |a Veď je im tak fakt lepšie? Segregácia rómskych detí v predškolskom vzdelávaní a implikácie pre inkluzívne vzdelávanie |c Alena Rochovská, Richard Filčák |
| 520 | |a Segregačné tendencie a ich kontext. Charakteristika osídlení a situácia v predškolských zariadeniach. Rodičia a kontext segregácie . | ||
| 610 | 2 | 0 | |a segregácia |
| 610 | 2 | 0 | |a vzdelávanie inkluzívne |
| 610 | 2 | 0 | |a Rómovia |
| 610 | 2 | 0 | |a deti |
| 610 | 2 | 0 | |a politika sociálna |
| 610 | 2 | 0 | |a zariadenia školské |
| 610 | 2 | 0 | |a Slovensko |
| 100 | 1 | |a Rochovská, Alena | |
| 700 | 1 | |a Filčák, Richard | |